Applied Sociology and Psychology for B.Sc. Nursing Students (Record no. 359373)
[ view plain ]
| 000 -LEADER | |
|---|---|
| fixed length control field | 00495nam a22001817a 4500 |
| 005 - DATE AND TIME OF LATEST TRANSACTION | |
| control field | 20240816133652.0 |
| 008 - FIXED-LENGTH DATA ELEMENTS--GENERAL INFORMATION | |
| fixed length control field | 240808b |||||||| |||| 00| 0 eng d |
| 020 ## - INTERNATIONAL STANDARD BOOK NUMBER | |
| International Standard Book Number | 978-93-86896-98-8 |
| 041 ## - LANGUAGE CODE | |
| Language code of text/sound track or separate title | English |
| 082 ## - DEWEY DECIMAL CLASSIFICATION NUMBER | |
| Classification number | SO 301 SAX DB1291 |
| 100 ## - MAIN ENTRY--PERSONAL NAME | |
| Author | Saxena R.P. |
| 110 ## - MAIN ENTRY--CORPORATE NAME | |
| Corporate name or jurisdiction name as entry element | Kaur Ravinder |
| 245 ## - TITLE STATEMENT | |
| Title | Applied Sociology and Psychology for B.Sc. Nursing Students |
| 260 ## - PUBLICATION, DISTRIBUTION, ETC. | |
| Place of publication, distribution, etc. | Jalandhar, Punjab |
| Name of publisher, distributor, etc. | Lotus Publishers |
| Date of publication, distribution, etc. | 2023 |
| 300 ## - PHYSICAL DESCRIPTION | |
| Extent | 422p |
| 365 ## - TRADE PRICE | |
| Price amount | 470.00 |
| 942 ## - ADDED ENTRY ELEMENTS (KOHA) | |
| Koha item type | Donated Book |
| Withdrawn status | Lost status | Source of classification or shelving scheme | Damaged status | Not for loan | Home library | Current library | Date acquired | Net Price | Bill number | Total Checkouts | Total Renewals | Full call number | Barcode | Date due | Date last seen | Date last checked out | Bill Date | Koha item type | Original Barcode |
|---|---|---|---|---|---|---|---|---|---|---|---|---|---|---|---|---|---|---|---|
| Dewey Decimal Classification | Smt. Bakul Tambat Institute of Nursing Education | Smt. Bakul Tambat Institute of Nursing Education | 08/08/2024 | 470.00 | IK#2024-25#129 | 13 | 6 | SO 301 SAX DB1291 | BTIN-DB-1291 | 07/04/2026 | 13/03/2026 | 13/03/2026 | 08/08/2024 | Donated Book | DB1291 |